Hirdetmény
Oznam o verejnej dražbe, ktorá sa uskutoční v Humennom 5.02.1904. Vydražovaný bude lekár z Humenného Albert Ligeti v prospech dražiteľa - firmy Trönel Móric z Viedne (požadovaných 800 korún)
| Main Author: | |
|---|---|
| Format: | Article |
| Language: | Slovak Hungarian |
| Subjects: | |
| Source: |
1. Homonna és Vidéke : Vegyes tartalmu közmüvelődési, szépirodalmi és közgazdasági hetilap 1. Roč. 4, č. 4 (21.01.1904) s. 4 |
| LEADER | 01502nab#a2200397#ar4500 | ||
|---|---|---|---|
| 001 | 000073701 | ||
| 003 | SVKKK | ||
| 005 | 20120102102932.0 | ||
| 008 | 101109d1904 xo |||||||||||||||b|slo | ||
| FMT | |||
| 038 | |a SVKKK | ||
| 040 | |a SVKKK |b slo |e AACR2 | ||
| 041 | 0 | |a hun | |
| 044 | |a xo |c SK | ||
| 080 | |a 347.4 |2 1981 | ||
| 080 | |a 929 Ligeti, Albert |2 1981 | ||
| 100 | 1 | |a Kende, Sándor |4 aut | |
| 242 | 1 | 0 | |a Oznam |c Alexander Kende |y slo |
| 245 | 1 | 0 | |a Hirdetmény |c Sándor Kende |
| 500 | |a Dohľadanie | ||
| 500 | |a Popis z mikrofilmu | ||
| 520 | 2 | |a Oznam o verejnej dražbe, ktorá sa uskutoční v Humennom 5.02.1904. Vydražovaný bude lekár z Humenného Albert Ligeti v prospech dražiteľa - firmy Trönel Móric z Viedne (požadovaných 800 korún) | |
| 600 | 1 | 4 | |a Ligeti, Albert |d 1869-1912 |x lekár, ORL špecialista |z Humenné, Košice (Slovensko) |x pôsobenie |
| 650 | 0 | 4 | |a dražba verejná- Trönel, Móricz, Viedeň (firma) (dražiteľ) - Ligeti, Albert (lekár-vydražovaný) - Humenné - 5.02.1904 - oznam |z Humenné (Slovensko) |y 5.02.1904 |
| 655 | 4 | |a hungariká | |
| 773 | 0 | |t Homonna és Vidéke : Vegyes tartalmu közmüvelődési, szépirodalmi és közgazdasági hetilap |g Roč. 4, č. 4 (21.01.1904) s. 4 | |
| 957 | |a Humenné | ||
| 957 | |a Viedeň | ||
| 958 | |a DG | ||
| 958 | |a HU | ||
| 974 | |a Ba | ||
| 992 | |a RBX | ||
| 997 | |a Ligeti, Albert |d Homonna p. Humenné | ||
| 997 | |a Kende, Sándor p. Kende, Alexander |d Homonna p. Humenné |4 aut | ||
| BAS | |||
| 998 | |a RETRO | ||